000 02079nam a2200277Ia 4500
001 22051
005 20260320113337.0
008 260320s9999||||xx |||||||||||||| ||und||
022 _a7172168
041 _aESP
082 _aHR 200 PRIMAVERA 2025
_bHUMANITAS
100 _a
_e
110 _aPontificia Universidad Católica de Chile
245 0 _aHumanitas :
_brevista de antropología y cultura cristiana
246 _a
_5
_b
260 _aSantiago :
_bPontificia Universidad Católica de Chile,
_c2025
300 _a576 páginas :
_bcuadros, gráficos, fotografías ;
_c24 cm.
_e
440 _a
_n
_v
505 _aN° 111 (Septiembre-Noviembre 2025). -- - Las teologías que se enfrentaron en Nicea y las decisiones del concilio. Por Samuel Fernández. - Peregrinar, hoy. Por Eduardo Valenzuela. - La Universidad en búsqueda de su catolicidad. Por Stephan van Erp. - Ética institucional al interior de una universidad católica. Por Ignacio Sánchez, Diego Durán y Emilio Rodríguez. - Presencia católica en transformación. Por Ana Lourdes Suárez y Juan Martín López Fidanza. APUNTES Y NOTAS - La enigmática muerte de Antoni Gaudí. Por Jaume Aymar. - Semblanza de Mauro Matthei OSB. Por Rodrigo Moreno. - En las huellas de Francisco: sus cuatro encíclicas como hoja de ruta para la universidad católica. Por Fernando Soler. - Algunas notas sobre Dilexi te, la primera exhortación apostólica del Papa León XIV. Por Redacción Humanitas. - Otro Camino de Santiago: apuntes del Congreso en Economía y pensamiento social católico. Por Luis Ávalos Trujillo. - Pinceladas en torno al camino de la Medicina. Por Carlos Quintana, M. Soledad Quintana, Francisco Javier Larraín, Alex Wolf y Úrsula Hempel. PALABRA DEL PAPA León XIV: Discursos y mensajes que han marcado los últimos meses.
650 _aREL
653 _aTeología - Revista; Antropología cristiana
654 _aCHU
700 _a
_c
856 _uhttps://0u20joxpe-y-https-www-jstor-org.itmsp.museknowledge.com/
_zVéase además: Base de datos JSTOR
942 _cREV
_dJUS
_fMAT
_2ddc
_n
999 _c22051
_d22051